000
00311nam a2200133Ia 4500
100
_a
Goyal/ S.C./ Bakshi U A
942
_c
BK
654
_a
feedback
245
_a
Feedback and control system 2nd revied
260
_b
Techl Pubns
_a
Pune
_c
1996
082
_a
629.83
_b
GOY/BAK
300
_a
552
546
_a
ENGLISH
999
_c
20737
_d
20737